000 00524nam a2200181Ia 4500
008 090124s9999 xx 000 0 und d
082 _b125106
100 _aजागीरदार मंदाकिनी प्र.
245 _a उमज
250 _a1
260 _c1991
300 _a83
600 _aजागीरदार मंदाकिनी प्र.
630 _a उमज
700 _aजागीरदार मंदाकिनी प्र.
730 _a उमज
942 _cBOOK
999 _c171195
_d171195